imgonnagetyouback - Taylor Swift (All Lyrics) - Statistics

General Stats
  • This quiz has been taken 993 times
    598 since last reset
  • The average score is 351 of 410
Answer Stats
Lyrics % Correct
I
98%
I,
98%
"I
98%
I'm
98%
you
98%
you,
98%
back
97%
get
97%
gonna
97%
Gonna
97%
your
97%
But
96%
but
96%
(Ha)
96%
the
96%
a
95%
be
95%
in
95%
up
95%
or
94%
Or
94%
decided
93%
haven't
93%
me
93%
me,
93%
that
93%
to
93%
wife
93%
yet
93%
hear
92%
my
92%
bike,
91%
one
91%
smash
91%
We
91%
an
90%
house,
90%
house
90%
like
90%
Then
90%
And
88%
and
88%
I'll
88%
I'll,
88%
mine
88%
mine)
88%
when
88%
Whether
88%
can
87%
it
87%
out
87%
Take
87%
take
87%
not
86%
tell
86%
were
86%
we're
86%
fits
84%
goin'
84%
never
84%
short
84%
skin
84%
Did
83%
did
83%
honey
83%
if
83%
knew
83%
skirt,
83%
still
83%
thing,
83%
eyes
82%
it's
82%
just
82%
love,
82%
love
82%
way
82%
curse
81%
into
81%
somebody
81%
wanna
81%
make
80%
with
80%
hand
79%
something
79%
wants
79%
(You're
79%
Even
78%
Lilac
78%
price
78%
research,
78%
whispers
78%
babe,
77%
feel
77%
here
77%
(Oh)
77%
think
77%
come
76%
Say
76%
say,
76%
too"
76%
either
75%
leavin'
75%
Pick
75%
poison,
75%
poison
75%
twice
75%
coming,
74%
handcuffed,
74%
someone
74%
clean
73%
got
73%
move
73%
new
73%
Once
72%
Martin
71%
face,
70%
fix
70%
same
70%
will
70%
body
69%
touch
69%
button,
67%
closet,
67%
don't
67%
end
67%
hate
67%
Push
67%
'til
67%
at
66%
reset
66%
what
66%
You'll
66%
becomin'
65%
friends
65%
game
65%
ran
65%
upper
65%
Aston
64%
fadin'
64%
off
64%
play
64%
Told
64%
eras
63%
bygone,
62%
dumb
62%
funny,
62%
hid
62%
might
62%
party
62%
Pull
62%
ditch
61%
find
61%
Yeah
61%
(Yeah)
61%
bar
60%
Bygones
60%
leave
60%
something's
60%
straight
60%
grey
59%
grey)
59%
all
56%
humming,
56%
Flip
55%
flip
55%
care
54%
Standin'
54%
act
53%
pieces,
48%
big
47%
script
47%
Small
46%
bubbly
45%
talk,
44%
(Fading
41%
steered
40%
broke
36%
No matching quizzes found
Score Distribution
Percent of People with Each Score
Percentile by Number Answered
Your Score History
You have not taken this quiz since the last reset